000 00886nam a2200265Ia 4500
003 GCL
008 140319s9999 xx 000 0 ara d
040 _aGCL /
_cGCL
082 0 4 _a301.31
_bب ت
100 1 _aسيد رمضان هدارة
245 1 0 _aتقييم 1992 عن وضع العالم /
_cسيد رمضان هدارة
700 1 _aبراون، لستر ر
300 _a348 ص
490 _aالهيئة العامة للاستعلامات
_v0
650 0 4 _aالبيئة
650 0 4 _aتلوث البيئة
650 0 4 _aحماية البيئة
650 0 4 _aتخطيط المدن
650 0 4 _aالغابات - تأثيرات بيئة
650 0 4 _aالتلوث الاشعاعى للحوم
650 0 4 _aالحيوان الاقتصادى، علم
650 0 4 _aالمرأة - امراض
650 0 4 _aالمعادن - التنقيب عن
942 _2ddc
_cBK
999 _c50670
_d50670